|
|
|
|
| LEADER |
00000nam a22000007a 4500 |
| 005 |
2014012904154.0 |
| 007 |
cr|||| |||| |
| 008 |
140129s2013 mx |||||s|||| 00||0 spa d |
| 020 |
|
|
|a 978-607-00-7387-8
|
| 035 |
|
|
|a 11768
|
| 040 |
|
|
|a vLex
|
| 090 |
|
|
|c 4701
|d 4701
|
| 100 |
1 |
|
|a Ciany, Italy
|
| 245 |
1 |
0 |
|a Si te callas, te mueres
|h [Recurso electrn̤ico] :
|b La violencia contra las mujeres en Mx̌ico /
|c Italy Ciany
|
| 256 |
|
|
|a Servicio en ln̕ea
|
| 260 |
|
|
|a Mx̌ico D.F:
|b Ral︢ Jur̀ez Carro Editorial,
|c 2013
|
| 300 |
|
|
|a 1 recurso electrn̤ico
|
| 506 |
1 |
|
|a contenido disponible en los productos indicados
|d vLex Global
|d vLex Global (Academic Edition, excluding Law Schools)
|d vLex Global (U.S. Academic Edition, Law Schools)
|d vLex Global (U.S. Academic Edition, excluding Law Schools)
|d vLex Global (Academic Edition, Law Schools)
|
| 650 |
0 |
4 |
|a Violencia contra las mujeres
|z Mx̌ico
|
| 740 |
0 |
|
|a vLex Libros (Servicio en ln̕ea)
|
| 856 |
4 |
0 |
|u http://vlex.com/source/si-te-callas-te-mueres-violencia-contra-mujeres-mexico-11768
|z Acceso restringido
|
| 942 |
|
|
|c BOOK
|
| 999 |
0 |
|
|a Women--Abuse of; Wife abuse
|